[Event "POL-chT U20 2nd League"]
[Site "Sypniewo"]
[Date "2025.06.22"]
[Round "5.101"]
[White "Cudyk, Oliwia"]
[Black "Dmitrowska, Kaja"]
[Result "1-0"]
[WhiteElo "1674"]
[BlackElo "1566"]
[PlyCount "161"]
[EventDate "2025.06.18"]
[EventType "team-swiss"]
[EventRounds "9"]
[EventCountry "POL"]
[SourceTitle "CB27_2025"]
[SourceDate "2025.07.02"]
[SourceVersion "1"]
[SourceVersionDate "2025.07.02"]
[SourceQuality "1"]
[WhiteTeam "Jelenia Gora Jelonka"]
[BlackTeam "Krosno Urania"]
[WhiteTeamCountry "POL"]
[BlackTeamCountry "POL"]

1. e4 e5 2. Nf3 Nc6 3. Bb5 Nf6 4. d3 d6 5. c3 Be7 6. 0-0 0-0 7. h3 h6 8. Re1 Nh7 9. Nbd2 f5 10. exf5 Bxf5 11. Ne4 Nf6 12. Ng3 Bd7 13. Ba4 Be8 14. Qd2 Nh5 15. Bb3+ Kh8 16. Ne2 Nf4 17. Nxf4 Rxf4 18. Qe2 Rf8 19. Bd1 Bg6 20. Be3 e4 21. dxe4 Bxe4 22. Nd4 Bf5 23. Nxc6 bxc6 24. Bxh6 Bg5 25. Bxg5 Qxg5 26. Qh5+ Qxh5 27. Bxh5 g6 28. Bf3 Rab8 29. b3 c5 30. Re7 Bxh3 31. Rxc7 Bf5 32. Re1 Rfe8 33. Rxe8+ Rxe8 34. Rxa7 Re1+ 35. Kh2 Rc1 36. c4 Ra1 37. a4 Bc2 38. Rb7 Ra3 39. Bc6 Bxb3 40. Bb5 Bxa4 41. Ra7 Bxb5 42. Rxa3 Bxc4 43. Ra7 Bd3 44. Rd7 c4 45. Rxd6 Kg7 46. Kg3 Kf7 47. Kf4 Ke7 48. Ke5 Kf7 49. Kf4 Ke7 50. Ke5 Kf7 51. Rd7+ Ke8 52. Rd4 Ke7 53. g4 Be2 54. Kf4 Bd3 55. Rxd3 cxd3 56. Ke3 Kf6 57. f4 Ke6 58. Kxd3 Kd5 59. Ke3 Ke6 60. Ke4 Ke7 61. Ke5 Kf7 62. f5 gxf5 63. Kxf5 Kg8 64. Kg6 Kh8 65. Kh6 Kg8 66. g5 Kh8 67. g6 Kg8 68. g7 Kf7 69. Kh7 Ke7 70. g8Q Kf6 71. Qe8 Kf5 72. Qe7 Kf4 73. Qe6 Kf3 74. Qe5 Kf2 75. Qe4 Kf1 76. Qc2 Ke1 77. Kg6 Kf1 78. Kf5 Kg1 79. Kf4 Kh1 80. Kf3 Kg1 81. Qg2# 1-0

[Event "POL-chT U20 2nd League"]
[Site "Sypniewo"]
[Date "2025.06.21"]
[Round "4.77"]
[White "Dmitrowska, Kaja"]
[Black "Zalewska, Malgorzata"]
[Result "1-0"]
[WhiteElo "1566"]
[BlackElo "1755"]
[PlyCount "65"]
[EventDate "2025.06.18"]
[EventType "team-swiss"]
[EventRounds "9"]
[EventCountry "POL"]
[SourceTitle "CB27_2025"]
[SourceDate "2025.07.02"]
[SourceVersion "1"]
[SourceVersionDate "2025.07.02"]
[SourceQuality "1"]
[WhiteTeam "Krosno Urania"]
[BlackTeam "Białołeka Sparta"]
[WhiteTeamCountry "POL"]
[BlackTeamCountry "POL"]

1. e4 c6 2. d4 d5 3. exd5 cxd5 4. Nc3 Nc6 5. Nf3 Bg4 6. Be3 Nf6 7. Bb5 a6 8. Be2 e6 9. a3 Bd6 10. 0-0 0-0 11. h3 Bxf3 12. Bxf3 Rc8 13. Re1 Ne7 14. Bg5 Ng6 15. Bh5 h6 16. Bxg6 fxg6 17. Bh4 Qd7 18. Qe2 Rce8 19. Bxf6 gxf6 20. Qg4 Qf7 21. Re2 Kh7 22. Rae1 e5 23. dxe5 fxe5 24. Rd1 Bc5 25. Rdd2 Rd8 26. Qg3 e4 27. Rd1 Bd6 28. Qg4 h5 29. Qh4 Bf4 30. Nxe4 Rde8 31. Nf6+ Kh8 32. Rxe8 Rxe8 33. Qxf4 1-0